Catálogo público

Reglamentaciones técnico-sanitarias del sector alimentario / (Record no. 170507)

MARC details
000 -CABECERA
campo de control de longitud fija 00767nam a2200265Ia 4500
001 - NÚMERO DE CONTROL
campo de control dia_75
003 - IDENTIFICADOR DEL NÚMERO DE CONTROL
campo de control CHAP
005 - FECHA Y HORA DE LA ÚLTIMA TRANSACCIÓN
campo de control 20221202140621.0
008 - DATOS DE LONGITUD FIJA--INFORMACIÓN GENERAL
campo de control de longitud fija 220117s1995 xx 000 0 und d
010 ## - NÚMERO DE CONTROL DE LA BIBLIOTECA DEL CONGRESO
Número de control de LC 170507
020 ## - NÚMERO INTERNACIONAL ESTÁNDAR DEL LIBRO
Número Internacional Estándar del Libro 84-87440-70-3
040 ## - FUENTE DE LA CATALOGACIÓN
Centro/agencia transcriptor CHAP
082 ## - NÚMERO DE LA CLASIFICACIÓN DECIMAL DEWEY
Número de clasificación 614.31 M3
100 ## - ENTRADA PRINCIPAL--NOMBRE DE PERSONA
Nombre de persona Madrid Vicente, Antonio
9 (RLIN) 69710
245 ## - MENCIÓN DE TÍTULO
Título Reglamentaciones técnico-sanitarias del sector alimentario /
Mención de responsabilidad, etc. por Antonio Madrid Vicente
260 ## - PUBLICACIÓN, DISTRIBUCIÓN, ETC.
Lugar de publicación, distribución, etc. Madrid, España :
Nombre del editor, distribuidor, etc. Mundi Prensa,
Fecha de publicación, distribución, etc. 1995
300 ## - DESCRIPCIÓN FÍSICA
Extensión 3 v.
503 ## - NOTA DE HISTORIA BIBLIOGRÁFICA (BK CF MU) [OBSOLETO]
Nota de historia bibliográfica I.207956
650 ## - PUNTO DE ACCESO ADICIONAL DE MATERIA--TÉRMINO DE MATERIA
Término de materia o nombre geográfico como elemento de entrada Alimentos
Subdivisión general Higiene
9 (RLIN) 4224
650 ## - PUNTO DE ACCESO ADICIONAL DE MATERIA--TÉRMINO DE MATERIA
Término de materia o nombre geográfico como elemento de entrada Alimentos
Subdivisión general Inspección
9 (RLIN) 4239
901 ## - ELEMENTOS DE DATOS A LOCAL LDA (RLIN)
a 614.31 M3
902 ## - ELEMENTOS DE DATOS B LOCAL, LDB (RLIN)
a M
905 ## - ELEMENTOS DE DATOS E LOCAL, LDE (RLIN)
a 0000001995 sp X 0000000000spa00
942 ## - ELEMENTOS DE PUNTO DE ACCESO ADICIONAL (KOHA)
Tipo de ítem Koha Libro
Fuente del sistema de clasificación o colocación Dewey Decimal Classification
Holdings
Estado de retiro Estado de pérdida Fuente del sistema de clasificación o colocación Estado dañado Restricciones de uso No para préstamo Código de colección Localización permanente Ubicación/localización actual Fecha de adquisición Fuente de adquisición Enumeración/cronología de publicación seriada Número de inventario Total de préstamos Signatura topográfica completa Código de barras Fecha visto por última vez Número de copia Tipo de ítem Koha Coste, precio normal de compra
    Dewey Decimal Classification   Préstamo interno   General Ingenieria Agroindustrial Ingenieria Agroindustrial 17/10/2000 Compra Librería Patena F. 147265 / Res. 47592 (19-Oct-2000) Volumen: 3 207956   614.31 M3 v.3 dia_4942 18/01/2022 Ej. 1 Libro  
    Dewey Decimal Classification   Préstamo interno   General Ingenieria Agroindustrial Ingenieria Agroindustrial 17/10/2000 Compra Librería Patena F. 147265 / Res. 47592 (19-Oct-2000) Volumen: 1 207956   614.31 M3 v.1 dia_4940 18/01/2022 Ej. 1 Libro 334.90
    Dewey Decimal Classification   Préstamo interno   General Ingenieria Agroindustrial Ingenieria Agroindustrial 17/10/2000 Compra Librería Patena F. 147265 / Res. 47592 (19-Oct-2000) Volumen: 2 207956   614.31 M3 v.2 dia_4941 18/01/2022 Ej. 1 Libro 334.90